| 000 | 00927nam a22002297a 4500 | ||
|---|---|---|---|
| 999 |
_c22239 _d22239 |
||
| 003 | AR-CdUCM | ||
| 008 | 190425b ||||| |||| 00| 0 spa d | ||
| 040 |
_aMUNICIPALIDAD PROVINCIAL DEL CUSCO _cBIBLIOTECA MUNICIPAL DEL CUSCO |
||
| 082 | _aEspectador/N°01/2003 | ||
| 245 |
_aEl espectador : _bperiodismo de investigación / _cAsencio Carrasco, Raúl, Director |
||
| 260 |
_aCusco. _bJyR impresores, _c2003. |
||
| 300 |
_a29 páginas. : _bilustraciones ; _c29 cm. |
||
| 440 |
_aEl espectador. _947730 |
||
| 505 | _aContenido: UNSAAC respuesta a la crisis. -- El fracaso de Toledo. -- Como y porque nació el SUTEP. -- Turismo versus conflictos laborales. -- Turismo versus conflictos social laboral. | ||
| 650 |
_aPolítica peruana _91676 |
||
| 650 |
_aTurismo _947731 |
||
| 650 |
_aSociedad cusqueña _947493 |
||
| 650 |
_aSiglo XX _947732 |
||
| 700 |
_aAguirre Castro, Enrique _947733 |
||
| 942 |
_2ddc _cPP |
||
| 945 | _arac | ||